MESTSKÁ KNIŽNICA GIRALTOVCE  - online katalóg 

Rubínové očarenie (Record no. 23460)

000 -NÁVESTIE
fixed length control field 01251cam a2200361 4500
001 - EVIDENČNÉ ČÍSLO ZÁZNAMU - Kontrolné číslo
control field vtls012067434
005 - DÁTUM A ČAS POSLEDNEJ TRANSAKCIE
control field 20221012102432.0
008 - ÚDAJE S PEVNOU DĹŽKOU – VŠEOBECNÉ INFORMÁCIE
fixed length control field 210903s2021 xo g 000 f slo
020 ## - MEDZINÁRODNÉ ŠTANDARDNÉ ČÍSLO KNIHY (ISBN)
Medzinárodné štandardné číslo knihy (ISBN) 9788022023238
Qualifying information (viazané)
040 ## - ZDROJ KATALOGIZÁCIE
Pôvodná katalogizujúca agentúra TVZK
Jazyk katalogizácie slo
Prepisujúca agentúra TVZK
Modifikujúca agentúra SNK
Konvencie popisu rda
041 1# - KÓD JAZYKA
Kód jazyka textu/zvukovej stopy alebo samostatných nápisov slo
Kód jazyka originálu a/alebo sprostredkujúcich prekladov textu eng
044 ## - KÓD KRAJINY VYDAVATEĽA/PRODUCENTA
Kód krajiny MARC xo
Kód krajiny ISO SK
072 #7 - KÓD PREDMETOVEJ KATEGÓRIE
Kód predmetovej kategórie 821.111(73)-3
Pododdiel kódu predmetovej kategórie Americká próza
Zdroj konspekt
080 ## - ČÍSLO MEDZINÁRODNÉHO DESATINNÉHO TRIEDENIA (MDT)
Číslo Medzinárodného desatinného triedenia (MDT) 821.111(73)-31
Identifikátor vydania 2011
080 ## - ČÍSLO MEDZINÁRODNÉHO DESATINNÉHO TRIEDENIA (MDT)
Číslo Medzinárodného desatinného triedenia (MDT) (0:82-312.5)
Identifikátor vydania 2011
100 1# - OSOBNÉ MENÁ – VŠEOBECNÉ INFORMÁCIE
Osobné meno Feather, Jane,
Dátumy súvisiace s menom 1945-
Kód roly aut
-- 3685
240 10 - UNIFIKOVANÝ NÁZOV
Unifikovaný názov Ravish Me with Rubies
Jazyk diela Slovensky
245 10 - NÁZOV
Názov Rubínové očarenie
Údaj o zodpovednosti atď. Jane Featherová ; z anglického originálu ... preložila Nina Mikušová
246 1# - INÁ FORMA NÁZVU
Zobrazovaný text Obálkový podnázov:
Hlavný názov/skrátený názov Najvzácnejší drahokam je láska
264 #1 - VYDAVATEĽSKÉ ÚDAJE, DISTRIBÚCIA ATĎ. - RDA
Miesto publikovania, distribúcie atď. Bratislava
Názov vydavateľa, distibútora atď. Slovenský spisovateľ
Dátum publikovania, distribúcie atď. 2021
300 ## - FYZICKÝ POPIS
Rozsah 278 strán
Rozmery 21 cm
336 ## - TYP OBSAHU
Typ obsahu - termín text
Typ obsahu - kód txt
Zdroj rdacontent
337 ## - TYP MÉDIA
Typ média - termín bez média
Typ média - kód n
Zdroj rdamedia
338 ## - TYP NOSIČA
Typ nosiča - termín zväzok
Typ nosiča - kód nc
Zdroj rdacarrier
655 #7 - INDEXAČNÝ TERMÍN – ŽÁNER/FORMA
Údaje o žánri/forme alebo termín, ktorý je prvok fazety americké romány
Zdroj termínu SNKPH
-- 2
655 #7 - INDEXAČNÝ TERMÍN – ŽÁNER/FORMA
Údaje o žánri/forme alebo termín, ktorý je prvok fazety ľúbostné romány
Zdroj termínu SNKPH
-- 13
655 #7 - INDEXAČNÝ TERMÍN – ŽÁNER/FORMA
Údaje o žánri/forme alebo termín, ktorý je prvok fazety American novels
Zdroj termínu SNKPHeng
-- 1670
655 #7 - INDEXAČNÝ TERMÍN – ŽÁNER/FORMA
Údaje o žánri/forme alebo termín, ktorý je prvok fazety Love novels
Zdroj termínu SNKPHeng
-- 1667
700 1# - PRIDANÝ VSTUP – OSOBNÉ MENO
Osobné meno Mikušová, Nina
Kód roly trl
-- 3686
700 1# - PRIDANÝ VSTUP – OSOBNÉ MENO
Osobné meno Feather, Jane,
Dátumy súvisiace s menom 1945-
Názov diela Zafírové zvádzanie
-- 3687
958 ## - Formálny deskriptor
Formálny deskriptor LX
958 ## - Formálny deskriptor
Formálny deskriptor UP
Holdings
Stav stiahnutia (Blokovanie) (Withrawn status) Stav straty Zdroj klasifikácie pre skladovanie Stav poškodenia (Damaged status) Nie pre výpožičky (Not for loan) Spôsob nadobudnutia (Collection code) Trvalé umiestnenie Aktuálne umiestnenie Dátum nadobudnutia Náklady, bežná kúpna cena Inventárne číslo (prírastkové číslo) Celkom výpožičky Celkom prolongácie (predĺženia) Full call number Čiarový kód Vypožičaných Dátum posledného výskytu Dátum poslednej výpôžičky Cena s účinnosťou od Typ jednotky Koha
          Kúpa Mestská knižnica Giraltovce Mestská knižnica Giraltovce 2022-10-12 6.00 21792 10 1 B10601 B10601 2026-01-09 2025-12-10 2025-12-10 2022-10-12 Krásna literatúra pre dospelých

Powered by Koha